[Event "Mar del Plata op 51st"]
[Site "Mar del Plata"]
[Date "2022.04.09"]
[Round "1"]
[White "Rodriguez Vila, Andres"]
[Black "Mena, Ailen Oriana"]
[Result "1-0"]
[WhiteElo "2435"]
[BlackElo "1826"]
[PlyCount "59"]
[EventDate "2022.04.09"]
[EventType "swiss"]
[EventRounds "9"]
[EventCountry "ARG"]
[SourceTitle "CBM 208 Extra"]
[Source "ChessBase"]
[SourceDate "2022.07.31"]
[SourceVersion "1"]
[SourceVersionDate "2022.07.31"]
[SourceQuality "1"]

1. d4 d5 2. Nc3 Nf6 3. Bf4 e6 4. e3 c5 5. Nb5 Na6 6. a4 Be7 7. c3 0-0 8. Be2 cxd4 9. exd4 Bd7 10. Nf3 Bxb5 11. axb5 Nc7 12. 0-0 Ne4 13. Qb3 Ne8 14. Ra4 f5 15. Rfa1 g5 16. Be5 Qb6 17. Qa2 N8d6 18. Rxa7 Rac8 19. Qa5 Qxa5 20. R7xa5 g4 21. Ne1 Bd8 22. Ra8 Bb6 23. Rxc8 Rxc8 24. f3 gxf3 25. gxf3 Nxc3 26. bxc3 Nf7 27. Bf6 Nd6 28. Ra3 h6 29. Kf1 Kh7 30. Ng2 1-0

[Event "Titled Tuesday intern op 29th Mar Early"]
[Site "Chess.com INT"]
[Date "2022.03.29"]
[Round "8"]
[White "Carrasco Miranda, Andres"]
[Black "Mena, Ailen Oriana"]
[Result "1-0"]
[WhiteElo "2285"]
[BlackElo "1826"]
[PlyCount "55"]
[EventDate "2022.03.29"]
[EventType "swiss (blitz)"]
[EventRounds "11"]
[EventCountry "USA"]
[SourceTitle "CBM 207 Extra"]
[Source "ChessBase"]
[SourceDate "2022.05.31"]
[SourceVersion "1"]
[SourceVersionDate "2022.05.31"]
[SourceQuality "1"]

1. d4 d5 2. c4 e6 3. Nf3 Be7 4. g3 Nf6 5. Bg2 0-0 6. 0-0 dxc4 7. Qc2 b5 8. a4 b4 9. Nfd2 c6 10. Nxc4 Qxd4 11. Rd1 Qc5 12. Be3 Qh5 13. Nbd2 Ng4 14. Nf3 Nxe3 15. Nxe3 Bb7 16. Nd4 Bf6 17. Rac1 a5 18. Bf3 Qg6 19. Be4 Qh5 20. Nc4 Qc5 21. Nb3 Qh5 22. Bf3 Qg6 23. Be4 Qh5 24. Bf3 Qg6 25. Qxg6 hxg6 26. Nbxa5 Ba6 27. b3 Rc8 28. Nb6 1-0

[Event "Titled Tuesday intern op 29th Mar Early"]
[Site "Chess.com INT"]
[Date "2022.03.29"]
[Round "10"]
[White "Ciolacu, Alessia Mihaela"]
[Black "Mena, Ailen Oriana"]
[Result "1-0"]
[WhiteElo "2239"]
[BlackElo "1826"]
[PlyCount "47"]
[EventDate "2022.03.29"]
[EventType "swiss (blitz)"]
[EventRounds "11"]
[EventCountry "USA"]
[SourceTitle "CBM 207 Extra"]
[Source "ChessBase"]
[SourceDate "2022.05.31"]
[SourceVersion "1"]
[SourceVersionDate "2022.05.31"]
[SourceQuality "1"]

1. d4 d5 2. Bf4 Nf6 3. e3 c5 4. Nc3 a6 5. dxc5 Nc6 6. a3 e5 7. Bg5 Be6 8. b4 Be7 9. Nf3 0-0 10. Be2 h6 11. Bh4 d4 12. exd4 exd4 13. Na4 Ne4 14. Bxe7 Qxe7 15. 0-0 Rad8 16. Bd3 f5 17. Re1 Qf7 18. Nb6 Nc3 19. Qd2 Kh8 20. Ne5 Nxe5 21. Rxe5 Bd5 22. Nxd5 Rxd5 23. Rae1 Rfd8 24. Qf4 1-0

[Event "Titled Tuesday intern op 29th Mar Early"]
[Site "Chess.com INT"]
[Date "2022.03.29"]
[Round "7"]
[White "Mena, Ailen Oriana"]
[Black "Agasarov, Benik"]
[Result "0-1"]
[WhiteElo "1826"]
[BlackElo "2249"]
[PlyCount "60"]
[EventDate "2022.03.29"]
[EventType "swiss (blitz)"]
[EventRounds "11"]
[EventCountry "USA"]
[SourceTitle "CBM 207 Extra"]
[Source "ChessBase"]
[SourceDate "2022.05.31"]
[SourceVersion "1"]
[SourceVersionDate "2022.05.31"]
[SourceQuality "1"]

1. e4 c5 2. c3 Nf6 3. e5 Nd5 4. d4 cxd4 5. Nf3 e6 6. cxd4 d6 7. Bc4 Be7 8. 0-0 0-0 9. Qe2 Nc6 10. Rd1 Bd7 11. Nc3 Nxc3 12. bxc3 Qc7 13. Bf4 dxe5 14. Nxe5 Nxe5 15. Bxe5 Bd6 16. Bxd6 Qxd6 17. Rab1 b6 18. d5 e5 19. Re1 Rfe8 20. Rbd1 Rac8 21. Bb3 Rxc3 22. Rd3 Bb5 23. Rxc3 Bxe2 24. Rxe2 Qb4 25. Rec2 Qd4 26. h3 h5 27. Rc7 e4 28. Rxa7 e3 29. Rcc7 exf2+ 30. Kh2 f1Q 0-1

[Event "Titled Tuesday intern op 29th Mar Early"]
[Site "Chess.com INT"]
[Date "2022.03.29"]
[Round "9"]
[White "Mena, Ailen Oriana"]
[Black "Johnson, Ben"]
[Result "0-1"]
[WhiteElo "1826"]
[BlackElo "2071"]
[PlyCount "74"]
[EventDate "2022.03.29"]
[EventType "swiss (blitz)"]
[EventRounds "11"]
[EventCountry "USA"]
[SourceTitle "CBM 207 Extra"]
[Source "ChessBase"]
[SourceDate "2022.05.31"]
[SourceVersion "1"]
[SourceVersionDate "2022.05.31"]
[SourceQuality "1"]

1. e4 c5 2. c3 Nf6 3. e5 Nd5 4. d4 cxd4 5. Nf3 Nc6 6. cxd4 d6 7. Bc4 Nb6 8. Bb5 Bd7 9. 0-0 e6 10. Nc3 a6 11. Bd3 dxe5 12. dxe5 Be7 13. Qe2 Qc7 14. a3 0-0 15. Qe4 g6 16. Bh6 Rfd8 17. Rac1 Be8 18. Rfe1 Qd7 19. Bb1 Nd5 20. Bg5 Nxc3 21. Rxc3 Bxg5 22. Nxg5 Qd4 23. h4 h6 24. Nf3 Qxe4 25. Bxe4 Kg7 26. Rec1 Nd4 27. Nxd4 Rxd4 28. Bxb7 Rb8 29. Rc7 Rd2 30. b4 Bb5 31. R1c3 Rbd8 32. Rf3 R8d7 33. Rxd7 Rxd7 34. Bxa6 Bxa6 35. a4 Rd4 36. b5 Bb7 37. a5 Bxf3 0-1

[Event "Titled Tuesday intern op 22 Mar Early"]
[Site "Chess.com INT"]
[Date "2022.03.22"]
[Round "8"]
[White "Mena, Ailen Oriana"]
[Black "Thomas, Anysia"]
[Result "1-0"]
[WhiteElo "1826"]
[BlackElo "2128"]
[PlyCount "55"]
[EventDate "2022.03.22"]
[EventType "swiss (blitz)"]
[EventRounds "11"]
[EventCountry "USA"]
[SourceTitle "CBM 207 Extra"]
[Source "ChessBase"]
[SourceDate "2022.05.31"]
[SourceVersion "1"]
[SourceVersionDate "2022.05.31"]
[SourceQuality "1"]

1. e4 c5 2. c3 g6 3. d4 cxd4 4. cxd4 d5 5. e5 Bg7 6. h3 Nh6 7. g4 f6 8. f4 0-0 9. Nc3 Nc6 10. Bg2 Be6 11. Be3 fxe5 12. fxe5 Nf7 13. Nf3 Qb6 14. Qd2 Rac8 15. 0-0 Rfd8 16. Rac1 Nfxe5 17. Nxe5 Nxe5 18. Na4 Qb5 19. Nc5 Nc4 20. Rxc4 dxc4 21. Nxe6 Rd6 22. Nxg7 Kxg7 23. Bh6+ Kg8 24. Qe2 Qb6 25. Qxe7 Qxd4+ 26. Kh1 Kh8 27. Rf8+ Rxf8 28. Qxf8# 1-0

[Event "Titled Tuesday intern op 08th Mar Early"]
[Site "Chess.com INT"]
[Date "2022.03.08"]
[Round "1"]
[White "Mena, Ailen Oriana"]
[Black "Jacobson, Aaron"]
[Result "0-1"]
[WhiteElo "1826"]
[BlackElo "2263"]
[PlyCount "66"]
[EventDate "2022.03.08"]
[EventType "swiss (blitz)"]
[EventRounds "11"]
[EventCountry "USA"]
[SourceTitle "CBM 207 Extra"]
[Source "ChessBase"]
[SourceDate "2022.05.31"]
[SourceVersion "1"]
[SourceVersionDate "2022.05.31"]
[SourceQuality "1"]

1. e4 f5 2. exf5 Nf6 3. Nf3 d5 4. d4 Bxf5 5. Bd3 e6 6. Bxf5 exf5 7. Ne5 Bd6 8. Bf4 0-0 9. 0-0 Nc6 10. Nc3 Re8 11. Re1 Bb4 12. Qd3 Ne4 13. a3 Bxc3 14. bxc3 Nxe5 15. Bxe5 c5 16. Rab1 c4 17. Qh3 Qd7 18. Rb4 b6 19. Reb1 Re6 20. Qxf5 Rf8 21. Qg4 Nxf2 22. Qg3 Ne4 23. Qg4 Qf7 24. Qe2 Nxc3 25. Qe1 Nxb1 26. Rxb1 Qf5 27. h3 Rg6 28. Qc3 Qe4 29. g4 Rf3 30. Qe1 Re3 31. Qf2 Rxh3 32. Rf1 Rxg4+ 33. Bg3 Qh1# 0-1

[Event "Titled Tuesday intern op 01st Mar Early"]
[Site "Chess.com INT"]
[Date "2022.03.01"]
[Round "9"]
[White "Todorovic, Bojan"]
[Black "Mena, Ailen Oriana"]
[Result "1-0"]
[WhiteElo "2222"]
[BlackElo "1826"]
[PlyCount "49"]
[EventDate "2022.03.01"]
[EventType "swiss (blitz)"]
[EventRounds "11"]
[EventCountry "USA"]
[SourceTitle "CBM 207 Extra"]
[Source "ChessBase"]
[SourceDate "2022.05.31"]
[SourceVersion "1"]
[SourceVersionDate "2022.05.31"]
[SourceQuality "1"]

1. Nf3 Nf6 2. c4 e6 3. g3 d5 4. Bg2 Be7 5. 0-0 0-0 6. b3 c5 7. Bb2 Nc6 8. e3 b6 9. Nc3 Bb7 10. cxd5 exd5 11. d4 Rc8 12. Rc1 Qd7 13. Ne5 Qc7 14. Nxc6 Bxc6 15. dxc5 Bxc5 16. Nxd5 Nxd5 17. Bxd5 Rfd8 18. Qg4 g6 19. Bxc6 Qxc6 20. b4 h5 21. Qc4 Rd5 22. bxc5 Rxc5 23. Qd4 f6 24. Rxc5 Qxc5 25. Rc1 1-0

[Event "Online Olym Div4 E"]
[Site "Chess.com INT"]
[Date "2021.08.21"]
[Round "4.3"]
[White "Mena, Ailen Oriana"]
[Black "Kovacova, Zuzana"]
[Result "0-1"]
[WhiteElo "1829"]
[BlackElo "2050"]
[PlyCount "98"]
[EventDate "2021.08.20"]
[EventType "team (rapid)"]
[EventRounds "11"]
[EventCountry "USA"]
[SourceTitle "CBM 203 Extra"]
[Source "ChessBase"]
[SourceDate "2021.09.30"]
[SourceVersion "1"]
[SourceVersionDate "2021.09.30"]
[SourceQuality "1"]
[WhiteTeam "Netherlands Antilles"]
[BlackTeam "Bermuda"]
[WhiteTeamCountry "AHO"]
[BlackTeamCountry "BER"]

1. e4 e5 2. Nf3 Nc6 3. Bb5 a6 4. Ba4 d6 5. 0-0 Bd7 6. d4 b5 7. Bb3 Nxd4 8. Nxd4 exd4 9. c3 dxc3 10. Qh5 Qf6 11. Nxc3 Ne7 12. Be3 g6 13. Nd5 Nxd5 14. Qxd5 c6 15. Bg5 Qg7 16. Qd2 Be6 17. Bxe6 fxe6 18. f4 Be7 19. Bxe7 Qxe7 20. Rad1 Rd8 21. Qc3 Kd7 22. Qd4 Ra8 23. Rd2 Kc7 24. f5 gxf5 25. exf5 e5 26. f6 Qe6 27. Qd3 Raf8 28. Rdf2 Rf7 29. Qe3 Kb7 30. b3 Rhf8 31. Qf3 e4 32. Qe3 Rxf6 33. Rxf6 Rxf6 34. Re1 d5 35. Qd4 Rf7 36. Qc5 Qf6 37. a4 Qe7 38. Qd4 Qc7 39. axb5 axb5 40. Ra1 Qb6 41. Rd1 Qxd4+ 42. Rxd4 Kc7 43. g3 Kd6 44. Kg2 c5 45. Rd2 d4 46. h4 Ke5 47. Rc2 Kd5 48. g4 d3 49. Rd2 Kd4 0-1

[Event "Online Olym Div4 E"]
[Site "Chess.com INT"]
[Date "2021.08.20"]
[Round "1.3"]
[White "Vazquez Maccarini, Danitza"]
[Black "Mena, Ailen Oriana"]
[Result "1-0"]
[WhiteElo "2076"]
[BlackElo "1829"]
[PlyCount "101"]
[EventDate "2021.08.20"]
[EventType "team (rapid)"]
[EventRounds "11"]
[EventCountry "USA"]
[SourceTitle "CBM 203 Extra"]
[Source "ChessBase"]
[SourceDate "2021.09.30"]
[SourceVersion "1"]
[SourceVersionDate "2021.09.30"]
[SourceQuality "1"]
[WhiteTeam "Puerto Rico"]
[BlackTeam "Netherlands Antilles"]
[WhiteTeamCountry "PUR"]
[BlackTeamCountry "AHO"]

1. e4 e5 2. Nf3 Nc6 3. Bb5 f5 4. d3 fxe4 5. dxe4 Nf6 6. Bg5 Bb4+ 7. c3 Bc5 8. 0-0 d6 9. Nbd2 0-0 10. a4 a5 11. Rb1 Be6 12. Bc4 Bxc4 13. Nxc4 Kh8 14. Ne3 Bxe3 15. fxe3 Qe8 16. Bxf6 Rxf6 17. Nh4 Qf7 18. Qe2 Rf8 19. Nf5 g6 20. Ng3 Qb3 21. Qg4 Rxf1+ 22. Rxf1 Rxf1+ 23. Nxf1 Qg8 24. Qd7 Qd8 25. Qf7 Qe7 26. Qf3 Kg7 27. Ng3 Qg5 28. Ne2 Nd8 29. Qh3 Qe7 30. Ng3 Ne6 31. Qg4 Kf7 32. Qe2 Qg5 33. Nf1 Ke7 34. b4 axb4 35. cxb4 c5 36. Qb5 Kf7 37. Qxb7+ Qe7 38. Qb5 cxb4 39. Qxb4 Nc5 40. a5 Qa7 41. h3 Nb7 42. Qc4+ Kg7 43. Qc7+ Kh6 44. Qf7 Qa6 45. Qf8+ Kg5 46. h4+ Kh5 47. Ng3+ Kxh4 48. Qh6+ Kg4 49. Qxh7 Qxa5 50. Qxg6+ Kh4 51. Nf5# 1-0

[Event "FIDE World Cup American Qual Gp2"]
[Site "Tornelo INT"]
[Date "2021.05.22"]
[Round "1.1"]
[White "Mena, Ailen Oriana"]
[Black "Bitelmajer, Martin"]
[Result "0-1"]
[WhiteElo "1829"]
[BlackElo "2475"]
[PlyCount "108"]
[EventDate "2021.05.22"]
[EventType "k.o. (rapid)"]
[EventRounds "4"]
[EventCountry "USA"]
[SourceTitle "CBM 202 Extra"]
[Source "ChessBase"]
[SourceDate "2021.07.31"]
[SourceVersion "1"]
[SourceVersionDate "2021.07.31"]
[SourceQuality "1"]

1. e4 e5 2. Nf3 Nc6 3. Bb5 a6 4. Ba4 Nge7 5. 0-0 g6 6. c3 Bg7 7. d4 exd4 8. cxd4 b5 9. Bb3 0-0 10. a4 b4 11. a5 d5 12. e5 Bg4 13. Be3 Nf5 14. Qc1 Nce7 15. Bd1 Nxe3 16. Qxe3 Nf5 17. Qd3 f6 18. Nbd2 fxe5 19. Nxe5 Bxd1 20. Raxd1 c5 21. Ndf3 c4 22. Qd2 Qxa5 23. Nc6 Qb5 24. Nxb4 Rab8 25. Na2 Qxb2 26. Nc3 Qxd2 27. Rxd2 Rfd8 28. Rfd1 Rb3 29. Rc2 Ne7 30. Ng5 Rd6 31. g3 Nc6 32. Ne2 h6 33. Nh3 Nb4 34. Rcc1 Rb2 35. Kf1 g5 36. Rb1 Rxb1 37. Rxb1 Nc2 38. Rd1 Rb6 39. Nc3 Nxd4 40. Nxd5 Rb5 41. Nc3 Rb3 42. Rc1 Nb5 43. Na4 c3 44. f4 Na3 45. Ke2 c2 46. Kd2 Rb4 47. Nc3 gxf4 48. Nxf4 Nb1+ 49. Kxc2 Nxc3 50. Ne6 Ne2 51. Rd1 Bf6 52. Rd7 Nd4+ 53. Nxd4 Rxd4 54. Ra7 Rd6 0-1

[Event "Online Olym Div4 D"]
[Site "Chess.com INT"]
[Date "2020.08.02"]
[Round "7.5"]
[White "Mena, Ailen Oriana"]
[Black "Dos Ramos, Rosangela"]
[Result "1/2-1/2"]
[WhiteElo "1829"]
[BlackElo "1765"]
[PlyCount "60"]
[EventDate "2020.07.31"]
[EventType "team-tourn (rapid)"]
[EventRounds "9"]
[EventCountry "USA"]
[SourceTitle "CBM 198"]
[Source "ChessBase"]
[SourceDate "2020.10.31"]
[SourceVersion "1"]
[SourceVersionDate "2020.10.31"]
[SourceQuality "1"]
[WhiteTeam "Netherlands Antilles"]
[BlackTeam "Surinam"]
[WhiteTeamCountry "AHO"]
[BlackTeamCountry "SUR"]

1. e4 g6 2. d4 Bg7 3. Nf3 d6 4. Bc4 e6 5. c3 Nd7 6. 0-0 a6 7. Re1 Ne7 8. Nbd2 0-0 9. Nf1 b5 10. Bb3 Bb7 11. h4 h6 12. Ng3 d5 13. e5 c5 14. Be3 c4 15. Bc2 h5 16. Rc1 Re8 17. Bg5 Qb6 18. Bb1 Nf5 19. Nxf5 exf5 20. Qd2 Nf8 21. Bh6 Ne6 22. Bxg7 Kxg7 23. Re2 Qd8 24. Rce1 Qe7 25. Bc2 Rg8 26. Ng5 Nxg5 27. Qxg5 Qxg5 28. hxg5 Bc8 29. b3 cxb3 30. Bxb3 Be6 1/2-1/2

[Event "Titled Tuesday intern op 2nd Febr"]
[Site "Chess.com INT"]
[Date "2019.02.05"]
[Round "6"]
[White "Le, Tuan Minh"]
[Black "Mena, Ailen Oriana"]
[Result "1-0"]
[WhiteElo "2517"]
[BlackElo "1842"]
[PlyCount "47"]
[EventDate "2019.02.05"]
[EventType "swiss (blitz)"]
[EventRounds "10"]
[EventCountry "USA"]
[SourceTitle "EXT 2021"]
[Source "ChessBase"]
[SourceDate "2020.10.23"]
[SourceVersion "1"]
[SourceVersionDate "2020.10.23"]
[SourceQuality "1"]

1. d4 Nf6 2. Nf3 e5 3. dxe5 Ng8 4. e4 Nc6 5. Bc4 Bc5 6. Bxf7+ Kxf7 7. Qd5+ Kf8 8. Qxc5+ Nge7 9. 0-0 b6 10. Qc3 Kg8 11. Qb3+ Kf8 12. Nc3 Ba6 13. Rd1 Qe8 14. e6 dxe6 15. Qxe6 Bc8 16. Qc4 Qg6 17. Nd5 Be6 18. Qc3 Qxe4 19. Nxc7 Rd8 20. Re1 Qxe1+ 21. Nxe1 Bc8 22. Bg5 Rd7 23. Ne6+ Kf7 24. Qxg7+ 1-0

[Event "Titled Tuesday intern op 2nd Febr"]
[Site "Chess.com INT"]
[Date "2019.02.05"]
[Round "2"]
[White "Mena, Ailen Oriana"]
[Black "Ardila, Oscar Humberto"]
[Result "1-0"]
[WhiteElo "1842"]
[BlackElo "2062"]
[PlyCount "97"]
[EventDate "2019.02.05"]
[EventType "swiss (blitz)"]
[EventRounds "10"]
[EventCountry "USA"]
[SourceTitle "EXT 2021"]
[Source "ChessBase"]
[SourceDate "2020.10.23"]
[SourceVersion "1"]
[SourceVersionDate "2020.10.23"]
[SourceQuality "1"]

1. e4 e5 2. Nf3 Nf6 3. Nxe5 d6 4. Nf3 Nxe4 5. Nc3 Nxc3 6. dxc3 Be7 7. Bd3 0-0 8. Bf4 Nd7 9. Qd2 Nf6 10. 0-0-0 Be6 11. Kb1 c5 12. c4 h6 13. h3 Qb6 14. g4 Qa6 15. b3 Nd7 16. Bxh6 Bf6 17. g5 Be5 18. Nxe5 Nxe5 19. g6 Nxd3 20. gxf7+ Rxf7 21. cxd3 Bf5 22. Be3 b5 23. Ka1 bxc4 24. dxc4 Rb8 25. Qxd6 Rb6 26. Qd8+ Rf8 27. Qd5+ Rf7 28. Bxc5 Rxb3 29. Qd8+ Kh7 30. Qh4+ Qh6 31. Qxh6+ Kxh6 32. axb3 Bc2 33. Rd6+ Kh7 34. Kb2 Be4 35. Re1 Bg2 36. Re3 Rxf2+ 37. Kc3 Rf5 38. Bd4 Rf7 39. Rg3 Be4 40. Re6 Bg6 41. Rexg6 Rb7 42. Rxg7+ Rxg7 43. Rxg7+ Kh6 44. Kd3 Kh5 45. Ke4 Kh4 46. Kf4 Kh5 47. Kf5 Kh6 48. Rg8 Kh7 49. Rh8# 1-0

[Event "Titled Tuesday intern op 2nd Febr"]
[Site "Chess.com INT"]
[Date "2019.02.05"]
[Round "3"]
[White "Mena, Ailen Oriana"]
[Black "Huda, Maryana"]
[Result "1-0"]
[WhiteElo "1842"]
[BlackElo "2160"]
[PlyCount "123"]
[EventDate "2019.02.05"]
[EventType "swiss (blitz)"]
[EventRounds "10"]
[EventCountry "USA"]
[SourceTitle "EXT 2021"]
[Source "ChessBase"]
[SourceDate "2020.10.23"]
[SourceVersion "1"]
[SourceVersionDate "2020.10.23"]
[SourceQuality "1"]

1. e4 e5 2. Nf3 Nc6 3. Bb5 a6 4. Ba4 Nf6 5. 0-0 b5 6. Bb3 Bb7 7. d3 Be7 8. c3 0-0 9. Re1 h6 10. Nbd2 Re8 11. Nf1 Bf8 12. Nh4 Na5 13. Nf5 Nxb3 14. axb3 d5 15. Qf3 Re6 16. N1g3 Kh7 17. exd5 Bxd5 18. Ne4 Bxb3 19. g4 Nxe4 20. dxe4 Qd7 21. g5 hxg5 22. Bxg5 Rg6 23. Qh5+ Kg8 24. Kh1 Re8 25. Re3 Ree6 26. Rh3 Rh6 27. Bxh6 gxh6 28. Rg1+ Kh7 29. Qf3 Rg6 30. Rxg6 fxg6 31. Ne3 Bg7 32. Rg3 Bf7 33. Qg4 Qxg4 34. Nxg4 a5 35. Rd3 Be6 36. Ne3 a4 37. Nd5 c6 38. Ne7 Bc4 39. Rd2 c5 40. Nc6 Bf6 41. Rd7+ Kg8 42. Rc7 Bg5 43. Na7 Bc1 44. Rxc5 Bxb2 45. Nxb5 a3 46. Nxa3 Bxa3 47. Rxc4 Bb2 48. Rc6 Kf7 49. Kg2 h5 50. Kf3 g5 51. Ke2 g4 52. Kd3 Ba3 53. Rh6 Bc5 54. Rxh5 Bxf2 55. Rxe5 Bg1 56. Rg5 Bxh2 57. Rxg4 Kf6 58. Rg2 Be5 59. Rd2 Ke6 60. Kc2 Bf4 61. Rd5 Be3 62. c4 1-0

[Event "Titled Tuesday intern op 1st Jan"]
[Site "Chess.com INT"]
[Date "2019.01.01"]
[Round "6"]
[White "Mena, Ailen Oriana"]
[Black "Pershina, Elena"]
[Result "0-1"]
[WhiteElo "1842"]
[BlackElo "2114"]
[PlyCount "72"]
[EventDate "2019.01.01"]
[EventType "swiss (blitz)"]
[EventRounds "10"]
[EventCountry "USA"]
[SourceTitle "EXT 2021"]
[Source "ChessBase"]
[SourceDate "2020.10.23"]
[SourceVersion "1"]
[SourceVersionDate "2020.10.23"]
[SourceQuality "1"]

1. e4 e5 2. Nf3 Nc6 3. Bb5 d6 4. d4 exd4 5. Nxd4 Bd7 6. Nc3 Nxd4 7. Bxd7+ Qxd7 8. Qxd4 Nf6 9. h3 Be7 10. Be3 0-0 11. 0-0-0 Rfd8 12. f4 b5 13. g4 b4 14. Nd5 Nxd5 15. Qxd5 Qa4 16. g5 c6 17. Qc4 d5 18. exd5 cxd5 19. Rxd5 Rxd5 20. Qxd5 Rc8 21. Qb3 Qc6 22. Rd1 a5 23. Qd3 Qe6 24. Qd7 Qxe3+ 25. Kb1 Qc5 26. Rd2 g6 27. b3 Bf8 28. Qd5 Qc3 29. Qd4 Qf3 30. Qd7 Qa8 31. h4 Bg7 32. Qb5 Rf8 33. Rd1 Qf3 34. Qd3 Qxf4 35. Qb5 Qg4 36. Qxa5 Qxd1# 0-1

[Event "Olympiad Women-42"]
[Site "Baku"]
[Date "2016.09.11"]
[Round "9.1"]
[White "Vilhete, Vania Fausto da T"]
[Black "Mena, Ailen Oriana"]
[Result "1/2-1/2"]
[WhiteElo "1741"]
[BlackElo "1715"]
[PlyCount "62"]
[EventDate "2016.09.02"]
[EventType "team-swiss"]
[EventRounds "11"]
[EventCountry "AZE"]
[SourceTitle "CBM 174 Extra"]
[Source "ChessBase"]
[SourceDate "2016.10.10"]
[SourceVersion "1"]
[SourceVersionDate "2016.10.10"]
[SourceQuality "1"]
[WhiteTeam "Mozambique (W)"]
[BlackTeam "Netherlands Antilles (W)"]
[WhiteTeamCountry "MOZ"]
[BlackTeamCountry "AHO"]

1. e4 e5 2. Nf3 Nc6 3. Bb5 f5 4. Bxc6 dxc6 5. Nxe5 Qd4 6. Nf3 Qxe4+ 7. Qe2 Nf6 8. Nc3 Qxe2+ 9. Nxe2 Bd6 10. d3 0-0 11. 0-0 Nd5 12. Bd2 Bd7 13. a3 Rae8 14. Rae1 c5 15. Nc3 c6 16. Nxd5 cxd5 17. d4 cxd4 18. Nxd4 Be5 19. Bc3 Rf7 20. f4 Bd6 21. Rxe8+ Bxe8 22. Re1 Bd7 23. g3 Re7 24. Rxe7 Bxe7 25. Nf3 Ba4 26. b3 Bc6 27. a4 d4 28. Nxd4 Be4 29. Kf1 Bc5 30. b4 Bxd4 31. Bxd4 Bxc2 1/2-1/2

[Event "Olympiad Women-42"]
[Site "Baku"]
[Date "2016.09.08"]
[Round "6.1"]
[White "Mena, Ailen Oriana"]
[Black "Diaz Cesar, Wilsaida Pieranlly"]
[Result "1/2-1/2"]
[WhiteElo "1715"]
[BlackElo "1889"]
[PlyCount "122"]
[EventDate "2016.09.02"]
[EventType "team-swiss"]
[EventRounds "11"]
[EventCountry "AZE"]
[SourceTitle "CBM 174 Extra"]
[Source "ChessBase"]
[SourceDate "2016.10.10"]
[SourceVersion "1"]
[SourceVersionDate "2016.10.10"]
[SourceQuality "1"]
[WhiteTeam "Netherlands Antilles (W)"]
[BlackTeam "Dominican Republic (W)"]
[WhiteTeamCountry "AHO"]
[BlackTeamCountry "DOM"]

1. e4 c5 2. c3 d5 3. exd5 Qxd5 4. d4 Nf6 5. Nf3 Nc6 6. Be2 e6 7. 0-0 Be7 8. c4 Qd8 9. dxc5 Bxc5 10. Qxd8+ Kxd8 11. Rd1+ Ke7 12. Bf4 b6 13. Nc3 Nh5 14. Bc7 Bd7 15. h3 Rhc8 16. Bh2 Nf6 17. Rac1 Kf8 18. Ng5 Nd4 19. Bd3 Bc6 20. Kf1 Rd8 21. Bxh7 Nxh7 22. Nxh7+ Kg8 23. Ng5 Be7 24. Nge4 f5 25. Be5 Bxe4 26. Bxd4 Bc6 27. f3 Bg5 28. Rb1 Rd7 29. Ke2 Rad8 30. Be3 Bf6 31. Rxd7 Rxd7 32. Rc1 Kf7 33. Rc2 g5 34. b4 g4 35. hxg4 fxg4 36. Ne4 gxf3+ 37. gxf3 Be7 38. a3 Ba4 39. Rd2 Rc7 40. c5 bxc5 41. Bxc5 Bxc5 42. Nxc5 Bb5+ 43. Ke3 a5 44. Ne4 Ke7 45. bxa5 Ra7 46. Nd6 Bd7 47. Nc4 Bc6 48. Rd4 Bd5 49. f4 Bxc4 50. Rxc4 Rxa5 51. a4 e5 52. f5 e4 53. Kxe4 Kf6 54. Rc6+ Kf7 55. Re6 Rxa4+ 56. Kf3 Rb4 57. Re4 Rxe4 58. Kxe4 Ke8 59. f6 Kf8 60. Kf5 Kf7 61. Ke5 Kf8 1/2-1/2

[Event "Olympiad Women-41"]
[Site "Tromsoe"]
[Date "2014.08.09"]
[Round "7.3"]
[White "Fernandez, Mirna Graciela"]
[Black "Mena, Ailen Oriana"]
[Result "1/2-1/2"]
[WhiteElo "1521"]
[BlackElo "1681"]
[PlyCount "77"]
[EventDate "2014.08.02"]
[EventType "team-swiss"]
[EventRounds "11"]
[EventCountry "NOR"]
[SourceTitle "CBM 162"]
[Source "ChessBase"]
[SourceDate "2014.09.17"]
[SourceVersion "1"]
[SourceVersionDate "2014.09.17"]
[SourceQuality "1"]
[WhiteTeam "Honduras (W)"]
[BlackTeam "Netherlands Antilles (W)"]
[WhiteTeamCountry "HON"]
[BlackTeamCountry "AHO"]

1. e4 e5 2. Nf3 Nc6 3. d4 exd4 4. Nxd4 Nf6 5. Nc3 Bb4 6. Nxc6 bxc6 7. Bd3 d5 8. exd5 cxd5 9. Bd2 0-0 10. 0-0 h6 11. a3 Bc5 12. Qf3 Bg4 13. Qg3 Bd6 14. Bf4 Nh5 15. Qxg4 Nxf4 16. Rad1 Rb8 17. b4 c6 18. Ne2 Nxd3 19. Rxd3 Qc7 20. g3 Rfe8 21. Qf3 Be5 22. Rc1 a5 23. c4 axb4 24. cxd5 c5 25. axb4 Rxb4 26. Re3 Reb8 27. Qf5 Bf6 28. Rd3 Qd6 29. Rd2 Rd8 30. Rdc2 Qxd5 31. Qxd5 Rxd5 32. Rxc5 Rxc5 33. Rxc5 Rb8 34. h3 g6 35. Kg2 Rb3 36. Rc6 Kg7 37. Rc7 h5 38. Rd7 Ra3 39. Rb7 1/2-1/2

[Event "Nuestra Senora de Chiquinquira Cup 13th"]
[Site "Maracaibo"]
[Date "2012.11.23"]
[Round "3"]
[White "Mena, Ailen Oriana"]
[Black "Montes, Rangel"]
[Result "0-1"]
[WhiteElo "1606"]
[BlackElo "2026"]
[PlyCount "90"]
[EventDate "2012.11.22"]
[EventType "swiss"]
[EventRounds "7"]
[EventCountry "VEN"]
[SourceTitle "EXT 2024"]
[Source "ChessBase"]
[SourceDate "2023.10.10"]
[SourceVersion "1"]
[SourceVersionDate "2023.10.10"]
[SourceQuality "1"]

1. e4 d5 2. exd5 Qxd5 3. Nc3 Qd8 4. Nf3 Nf6 5. h3 h6 6. Bc4 Bf5 7. d3 e6 8. 0-0 c6 9. Bf4 Be7 10. Re1 0-0 11. Qe2 Re8 12. Bb3 Nbd7 13. a3 Nd5 14. Nxd5 exd5 15. Qd2 Qb6 16. Rab1 Bf6 17. Be3 d4 18. Bf4 Nc5 19. Ba2 Rad8 20. Be5 Bxe5 21. Nxe5 Be6 22. Bc4 Bxc4 23. Nxc4 Qc7 24. Rxe8+ Rxe8 25. Re1 Ne6 26. Qb4 Rd8 27. Qa5 b6 28. Qe5 Qd7 29. Kf1 b5 30. Nd2 c5 31. Re2 Qc6 32. b3 Qa6 33. Nb1 c4 34. b4 c3 35. Nxc3 dxc3 36. Qxc3 Rc8 37. Qb2 Qc6 38. Qe5 a6 39. Qa1 Nf4 40. Re4 Qd6 41. Qb2 Ne6 42. Kg1 f5 43. Re2 Nd4 44. Rd2 Qe5 45. Qb1 Rc3 0-1